| 000 | 00429nam a2200157Ia 4500 | ||
|---|---|---|---|
| 008 | 210716s2003 xx 000 0 und d | ||
| 020 | _a8178666448 | ||
| 041 | _aeng | ||
| 082 | _a331.8 MAMC | ||
| 100 | _aMamoria, C B;Mamoria, Satish;Gankar, S V. | ||
| 245 | _aDynamics of industrial relations. | ||
| 250 | _a4 | ||
| 260 |
_aNew Delhi _bHimalaya Publishing House _c2003 |
||
| 300 | _avi,891 | ||
| 650 | _aIndustrial Relations | ||
| 999 |
_c197834 _d197834 |
||